|
|
|
|
| LEADER |
01666nam a22002777a 4500 |
| 008 |
160315b xxu||||| |||| 00| 0 eng |
| 082 |
|
|
|a 079.54
|b KRI/I
|
| 100 |
|
|
|a Krishna Murthy, Nadig
|
| 245 |
|
|
|a Indian Journalism
|b origin, growth and development of Indian journalism
|
| 260 |
|
|
|a Mysore,
|b Prasaranga,
|c 1966
|
| 300 |
|
|
|a xxv.:506
|
| 650 |
|
|
|a Introduction to Indian Journalism
|
| 650 |
|
|
|a history of english daily newspapers p139
|
| 650 |
|
|
|a Periodicals in India
|
| 650 |
|
|
|a Press laws in India p436
|
| 650 |
|
|
|a Professional press associations
|
| 650 |
|
|
|a Indian press commission p450
|
| 650 |
|
|
|a Journalism in the India Languages p219
|
| 942 |
|
|
|2 ddc
|c BK
|
| 999 |
|
|
|c 147972
|d 147972
|
| 952 |
|
|
|0 0
|1 0
|4 0
|6 079_540000000000000_KRI_I
|7 0
|9 157876
|a MCJ
|b MCJ
|c ST1
|d 2011-04-27
|i 014
|l 10
|m 2
|o 079.54 KRI/I
|p MCJ014
|r 2021-12-15
|s 2021-04-19
|w 2018-08-08
|y BK
|
| 952 |
|
|
|0 0
|1 0
|4 0
|6 079_540000000000000_KRI_I
|7 0
|9 157877
|a MCJ
|b MCJ
|c ST1
|d 2011-07-28
|i 015
|l 9
|m 2
|o 079.54 KRI/I
|p MCJ015
|r 2020-01-14
|s 2019-12-20
|w 2018-08-08
|y BK
|
| 952 |
|
|
|0 0
|1 0
|4 0
|6 079_540000000000000_KRI_I
|7 0
|9 157878
|a MCJ
|b MCJ
|c ST1
|d 2011-07-28
|i 351
|l 9
|m 3
|o 079.54 KRI/I
|p MCJ351
|q 2021-08-01
|r 2021-01-08
|s 2021-01-08
|w 2018-08-08
|y BK
|
| 952 |
|
|
|0 0
|1 0
|4 0
|6 079_540000000000000_KRI_I
|7 0
|9 157879
|a MCJ
|b MCJ
|c ST1
|d 2011-08-02
|i 013
|l 7
|m 2
|o 079.54 KRI/I
|p MCJ013
|r 2019-11-28
|s 2019-10-09
|w 2018-08-08
|y BK
|
| 952 |
|
|
|0 0
|1 0
|4 0
|6 079_540000000000000_KRI_I
|7 0
|9 157880
|a MCJ
|b MCJ
|c ST1
|d 2011-08-04
|i 007
|l 11
|m 5
|o 079.54 KRI/I
|p MCJ007
|r 2021-12-16
|s 2021-04-19
|w 2018-08-08
|y BK
|
| 952 |
|
|
|0 0
|1 0
|2 ddc
|4 0
|6 079_540000000000000_KRI_I
|7 0
|9 157881
|a MCJ
|b MCJ
|c ST1
|d 2011-08-04
|i 72
|l 9
|m 2
|o 079.54 KRI/I
|p MCJ72
|r 2020-01-15
|s 2020-01-07
|y BK
|